Statistics for Countries with Arabic on Their Flags

Click here to take the quiz!

General Stats

  • This quiz has been taken 25 times
  • The average score is 4 of 6

Answer Stats

Country% Correct
Iraq
95%
Saudi Arabia
95%
Iran
77%
Afghanistan
73%
Egypt
68%
Brunei
27%

Score Distribution

Percentile by Number Answered

Percent of People with Each Score

Your Score History

You have not taken this quiz